Transforming traditional agriculture (Record no. 347665)

MARC details
000 -LEADER
fixed length control field 004200000a22001570004500
060 ## - NATIONAL LIBRARY OF MEDICINE CALL NUMBER
Classification number 100
082 ## - DEWEY DECIMAL CLASSIFICATION NUMBER
Classification number 338.16 SCH
100 ## - MAIN ENTRY--PERSONAL NAME
Personal name Schultz, Theodore W
245 ## - TITLE STATEMENT
Title Transforming traditional agriculture
260 ## - PUBLICATION, DISTRIBUTION, ETC. (IMPRINT)
Place of publication, distribution, etc. Delhi, Lyall Book Department
260 ## - PUBLICATION, DISTRIBUTION, ETC. (IMPRINT)
Date of publication, distribution, etc. 1964
300 ## - PHYSICAL DESCRIPTION
Extent 212
490 ## - SERIES STATEMENT
Series statement Studies in comparative economics.3
650 ## - SUBJECT ADDED ENTRY--TOPICAL TERM
Topical term or geographic name as entry element Agriculture/ profitability/ production/ income streams
942 ## - ADDED ENTRY ELEMENTS (KOHA)
Koha item type Books (General)
Holdings
Withdrawn status Lost status Damaged status Not for loan Home library Current library Date acquired Total Checkouts Full call number Barcode Date last seen Price effective from Koha item type
        College of Agriculture, Vellayani College of Agriculture, Vellayani 02/05/2014   338.16 SCH KAU_COAV-7863 02/05/2014 02/05/2014 Books (General)
Kerala Agricultural University Central Library
Thrissur-(Dt.), Kerala Pin:- 680656, India
Ph : (+91)(487) 2372219
E-mail: librarian@kau.in
Website: http://library.kau.in/